| 000 | 00525nam a2200193 a 4500 | ||
|---|---|---|---|
| 001 | 2407 | ||
| 005 | 20140414131921.0 | ||
| 008 | 050601s19uu xx 00 eng d | ||
| 020 | _a981-3050-75-6 | ||
| 050 |
_aER _bT63 1996 |
||
| 100 | _aJonathan | ||
| 245 |
_aTortoise wins the race / _cJonathan. |
||
| 260 |
_aSingapore : _bSystem Publishing House Pte., _c1996. |
||
| 300 | _a1 v. p. : ill. ; cm. | ||
| 440 | _aLittle Library Series | ||
| 650 |
_aTortoise _xFiction. |
||
| 650 | _aChildren stories. | ||
| 999 |
_c111746 _d111746 |
||